Harry Potter 7 Chapter Titles Quiz Stats

 Plays Quiz not verified by Sporcle

Challenge
Share
Tweet
Embed
Score 0/37 Timer 10:00
1 Play Today
Chapter number Chapter titles % Correct
8The Wedding
96.4%
EpilogueNineteen Years Later
95.9%
4The Seven Potters
95.4%
23Malfoy Manor
94.1%
1The Dark Lord Ascending
93%
31The Battle of Hogwarts
92.9%
25Shell Cottage
92.8%
26Gringotts
92.3%
3The Dursleys Departing
91.1%
20Xenophilius Lovegood
90.7%
34The Forest Again
90.7%
35King's Cross
89.8%
19The Silver Doe
88.9%
33The Prince's Tale
88.8%
5Fallen Warrior
88.3%
21The Tale of the Three Brothers
88.3%
16Godric's Hollow
88.2%
7The Will of Albus Dumbledore
87.9%
10Kreacher's Tale
87.9%
Chapter number Chapter titles % Correct
22The Deathly Hallows
87.7%
18The Life and Lies of Albus Dumbledore
87.4%
36The Flaw in the Plan
87.4%
29The Lost Diadem
86.5%
2In Memoriam
84.9%
17Bathilda's Secret
83.9%
9A Place to Hide
82.8%
12Magic is Might
82.4%
27The Final Hiding Place
79.9%
30The Sacking of Severus Snape
79.3%
24The Wandmaker
79.1%
14The Thief
78.6%
32The Elder Wand
78.4%
15The Goblin's Revenge
76.8%
13The Muggle-Born Registration Commission
75.6%
11The Bribe
72%
6The Ghoul in Pyjamas
71.6%
28The Missing Mirror
64.8%

You're not logged in!

Compare scores with friends on all Sporcle quizzes.
Join for Free
OR
Log In

You Might Also Like...

Show Comments

Extras

Top Quizzes Today


Score Distribution

Your Account Isn't Verified!

In order to create a playlist on Sporcle, you need to verify the email address you used during registration. Go to your Sporcle Settings to finish the process.

Report this User

Report this user for behavior that violates our Community Guidelines.

Details: